Statistics for Gæt landene - bogstaver i forkert rækkefølge

Click here to take the quiz!

General Stats

  • This quiz has been taken 247 times
  • The average score is 8 of 20

Answer Stats

Land% Correct
Cuba
100%
Fiji
100%
Filippinerne
100%
Finland
100%
Ghana
100%
Iran
100%
Japan
100%
Kenya
100%
Kosovo
100%
Malaysia
100%
Mali
100%
Malta
100%
Montenegro
100%
Morokko
100%
Nepal
100%
Østrig
100%
Qatar
100%
Sudan
100%
Chad
88%
Kuwait
86%
Libyen
83%
Mexico
83%
Syrien
83%
Togo
78%
Afghanistan
75%
Bahamas
75%
Bangladesh
75%
Chile
75%
Haiti
75%
Kirgisistan
75%
Monaco
75%
Nauru
75%
Oman
75%
Vietnam
75%
Yemen
73%
Kina
71%
Mozambique
71%
Uganda
71%
Venezuela
71%
Barbados
67%
Holland
67%
Italien
67%
Jordan
67%
Niger
67%
Peru
67%
Somalia
67%
Taiwan
67%
Usbekistan
67%
Zimbabwe
67%
Tanzania
63%
Ungarn
63%
Canada
60%
Indien
60%
Mauritius
60%
Nigeria
60%
Samoa
60%
Albanien
57%
Botswana
57%
Rwanda
57%
Schweiz
57%
Malawi
56%
Polen
56%
Armenien
50%
Belize
50%
Bhutan
50%
Danmark
50%
Eritrea
50%
Frankrig
50%
Grækenland
50%
Guinea-Bissau
50%
Irak
50%
Island
50%
Laos
50%
Luxembourg
50%
Moldova
50%
Myanmar
50%
Norge
50%
Panama
50%
Portugal
50%
Serbien
50%
Singapore
50%
Tyrkiet
50%
Ukraine
50%
Uruguay
50%
Zambia
50%
Guinea
44%
Belgien
43%
Gabon
43%
Israel
43%
Paraguay
43%
Cyprus
40%
Egypten
40%
Ethiopien
40%
Rusland
40%
Colombia
38%
Ecuador
38%
Liechtenstein
38%
Litauen
38%
Angola
33%
Benin
33%
Cambodia
33%
Comorerne
33%
Dominica
33%
Guyana
33%
Hviderusland
33%
Kasakhstan
33%
Libanon
33%
Liberia
33%
Namibia
33%
Nicaragua
33%
Sverige
33%
Argentina
29%
Estland
29%
Jamaica
29%
Lesotho
29%
Bahrain
25%
Georgien
25%
Guatemala
25%
Pakistan
25%
Seychellerne
25%
Spanien
25%
Tyskland
25%
Kiribati
22%
Andorra
20%
Letland
20%
Maldiverne
20%
Tuvalu
20%
Bolivia
17%
Bulgarien
17%
Honduras
17%
Kroatien
17%
Madagaskar
17%
Tonga
17%
Turkmenistan
17%
Suriname
13%
Grenada
11%
Mongoliet
11%
Tunisien
10%
Algeriet
0%
Aserbajdsjan
0%
Australien
0%
Brasilien
0%
Brunei
0%
Burundi
0%
Cameroon
0%
Djibouti
0%
Eswatini
0%
Gambia
0%
Indonesien
0%
Irland
0%
Mauretanien
0%
Palau
0%
Romanien
0%
Senegal
0%
Slovakiet
0%
Slovenien
0%
Tadsjikistan
0%
Thailand
0%
Vanuatu
0%

Score Distribution

Percentile by Number Answered

Percent of People with Each Score

Your Score History

You have not taken this quiz